000 00210nam a22000857a 4500
008 161108b xxu||||| |||| 00| 0 eng d
100 _91051
_aSapre S. A
245 _aThe Joy of work
260 _aNew Delhi
_bN B T
_c2003
999 _c3706
_d3706